000 00775nam a2200229 i 4500
001 38825
003 ES-MaACL
005 20250904234634.0
007 t|
008 030226s1974 sp ||||1| spa d
080 _a850-311.2"19"
100 1 _aCalvino, Italo,
_d1923-1985
_9242175
245 1 3 _aLa especulación inmobiliaria
_b; La jornada de un escrutador ; La nube de "Smog" /
_cItalo Calvino ; [traducción de Ángel Sánchez-Gijón Martínez].
260 _aMadrid :
_bAlianza Editorial,
_c1974.
300 _a264 p. ;
_c20 cm.
700 1 _aSánchez-Gijón, Ángel,
_d1934-2007
_9156100
740 3 _aLa jornada de un escrutador.
740 3 _aLa nube de "Smog"
852 _aES-MaACL
_jE-4431
852 _aES-MaACL
_jA-7444
999 _c38825
_d38825